| 000 | 00727cam a2200253 i 4500 | ||
|---|---|---|---|
| 999 |
_c11 _d11 |
||
| 001 | 1777589 | ||
| 003 | OSt | ||
| 005 | 20180804114335.0 | ||
| 008 | 780125s1977 ilu 000 0 eng | ||
| 010 | _a 77081219 | ||
| 020 |
_a0882077562 : _c$1.95 |
||
| 040 |
_aDLC _cDLC _dDLC |
||
| 050 | 0 | 0 |
_aBV4501.2 _b.C495 |
| 082 | 0 | 0 |
_a248 _bC554L |
| 100 | 1 | _aChristenson, Evelyn. | |
| 245 | 1 | 0 |
_aLord, change me / _cEvelyn Christenson ; assisted editorially by Viola Blake. |
| 260 |
_aWheaton, Ill. : _bVictor Books, _cc1977. |
||
| 300 |
_a192 p. ; _c19 cm. |
||
| 600 | 1 | 0 | _aChristenson, Evelyn. |
| 650 | 0 | _aChristian life. | |
| 650 | 0 |
_aPrayer _xChristianity. |
|
| 906 |
_a7 _bcbc _corignew _d2 _eopcn _f19 _gy-gencatlg |
||
| 942 |
_2ddc _cBK |
||